| 000 | 00672nam a2200205 a 4500 | ||
|---|---|---|---|
| 005 | 20220811102641.0 | ||
| 008 | 020827s2001 es r 000 0 spa d | ||
| 020 | _a8471124610 | ||
| 035 | _aUPN01000118641 | ||
| 049 | _aCG | ||
| 050 | 4 |
_aHV40 _bH3.78 |
|
| 100 | 1 | _aHealy, Karen | |
| 245 | 1 | 0 |
_aTrabajo social : _bperspectivas contemporáneas / _cKaren Healy ; tr. Pablo Manzano. |
| 260 |
_aMadrid : _bMorata : _bFundación Paideia, _c2001. |
||
| 300 | _a211 p. | ||
| 440 | 0 |
_aPedagogía. _pEducación crítica |
|
| 534 |
_pTraducción de : _tSocial work practices : contemporary perspectives on change |
||
| 650 | 4 |
_aServicio social _xFilosofía _914575 |
|
| 905 | _aLibro | ||
| 999 |
_c91007 _d91007 |
||